Les Dieux du ciel /

محفوظ في:

المؤلف الرئيسي: Frazer, James George, 1854-1941 (مؤلف)

مؤلفون آخرون: Sayn, Pierre.

التنسيق: كتاب

اللغة: French
English

منشور في: Paris : Librairie de France, 1927.

الموضوعات:

الوسوم: إضافة وسم

لا توجد وسوم, كن أول من يضع وسما على هذه التسجيلة!

رقم الطلب: BL435 .F714 1927

LEADER 00740nam a2200253K 4500
001 6998
003 OSt
005 20250901092136.0
008 130303s1927 fr 000 0 fre d
035 |a ocm32343389 
040 |c ARCE Library 
041 1 |a fre  |h eng 
050 4 |a BL435 .F714 1927 
100 1 |a Frazer, James George,  |d 1854-1941,  |e author 
240 1 0 |a Worship of nature.  |l Franch 
245 1 4 |a Les Dieux du ciel /  |c James George Frazer ; Traduit de l'anglais par Pierre Sayn. 
264 1 |a Paris :   |b Librairie de France,   |c 1927. 
300 |a 358 pages ;   |c 19 cm. 
500 |a Translation of : The worship of nature. 
650 0 |a Nature worship. 
700 1 |a Sayn, Pierre. 
901 |a reviewed 
942 |c BK  |2 lcc 
999 |c 3891  |d 3891